| 000 | 00486nam a2200193Ia 4500 | ||
|---|---|---|---|
| 003 | GCL | ||
| 008 | 140319s9999 xx 000 0 ara d | ||
| 040 |
_aGCL / _cGCL |
||
| 082 | 0 | 4 |
_a813.01 _bس خ |
| 100 | 1 | _aسمية رمضان | |
| 245 | 1 | 0 |
_aخشب ونحاس / _cسمية رمضان |
| 300 | _a64 ص | ||
| 490 |
_aكتاب _v0 |
||
| 650 | 0 | 4 | _aالادب العربى |
| 650 | 0 | 4 | _aالقصص القصيرة |
| 650 | 0 | 4 | _aالادب |
| 650 | 0 | 4 | _aالقصص |
| 942 |
_2ddc _cBK |
||
| 999 |
_c40735 _d40735 |
||